| 000 | 00592cam a2200217ua 4500 | ||
|---|---|---|---|
| 001 | 11080 | ||
| 008 | 160327n1995 II |||gr||||Z||||||eng | ||
| 040 | _aMAIN | ||
| 041 | _aEnglish | ||
| 082 | _a425 WRE | ||
| 100 | _aWREN, P.C. | ||
| 245 | _aHIGH SCHOOL ENGLISH GRAMMAR AND COMPOSITION | ||
| 250 | _aREP. | ||
| 260 |
_aNEW DELHI _bS.CHAND & COMPANY _c1995 |
||
| 300 |
_a419: _c20CM. |
||
| 500 | _aDonated by Madhuri Kamder, Ex.Student, Sibsagar Girls` College on 30-09-2013 | ||
| 653 | _aGrammar | ||
| 700 |
_aWREN, P.C., _eAUTHOR., |
||
| 700 |
_aMARTIN, H., _eAUTHOR., |
||
| 942 | _cBK | ||
| 999 |
_c11048 _d11048 |
||